[Event "Elekes Memorial GM 27th"]
[Site "Budapest"]
[Date "2002.05.28"]
[Round "11"]
[White "Postny, Evgeny"]
[Black "Lukacs, Peter"]
[Result "1-0"]
[WhiteElo "2482"]
[BlackElo "2460"]
[Annotator "Postny,E"]
[PlyCount "97"]
[EventDate "2002.05.18"]
[EventType "tourn"]
[EventRounds "11"]
[EventCountry "HUN"]
[EventCategory "8"]
[SourceTitle "CBM 089"]
[Source "ChessBase"]
[SourceDate "2002.08.12"]
[SourceVersion "1"]
[SourceVersionDate "2002.08.12"]
[SourceQuality "1"]

{This game played in the last round of the tournament. I had to win in order
to get my second GM norm.} 1. e4 e5 2. Nf3 Nc6 3. Bb5 a6 4. Ba4 d6 {A slight
surprise. Usually my opponent prefers main variations after 5...Nf6.} 5. c3 Bd7
6. O-O g6 7. d4 Bg7 8. d5 Nce7 9. Bxd7+ Qxd7 10. c4 h6 {If black is intending
to play f7-f5, covering of the g5 square is necessary.} 11. Nc3 f5 12. Rb1 $5 {
Quite a rare move in this position. White is intending to develope his play by
b2-b4, Bc1-b2, Nf3-d2 etc. For some unknown reasons I did not want to play the
standart move here: 12.Ne1.} (12. Ne1 Nf6 13. f3 O-O 14. Nd3 g5 15. Bd2 Ng6 16.
Nf2 f4 17. b4 Rf7 18. c5 Bf8 19. Na4 Re8 20. Rc1 $14 {1/2-1/2 Khalifman,
A-Short,N/Moscow 2001/CBM 82 (48)}) 12... Nf6 13. Nd2 O-O 14. b4 fxe4 $6 $146 {
This decision is dubious. Now white gets strong outpost on e4.} (14... c6 15.
Qb3 Kh8 16. c5 $2 cxd5 17. exd5 dxc5 18. bxc5 Nfxd5 19. Nc4 Nxc3 20. Qxc3 Qc7
$15 {0-1 Starostits,I-Malaniuk,V/Bydgoszcz 2000/CBM 76 ext (36)}) 15. Ndxe4
Nxe4 16. Nxe4 b5 {This is the idea of black's exchange on move 14. Now c4-c5
is not possible, so white has to break his pawn chain on the queenswing,
however black's pawnstructure is also not the ideal one...} 17. Qd3 bxc4 18.
Qxc4 Kh7 (18... Qb5 $2 19. Qxc7 Qd3 20. Qxe7 Qxb1 21. Bxh6 $18) 19. Rb3 $6 {
[%cal Gb3a3,Gb3h3]} ({After solid} 19. Rd1 {white keeps an advantage.}) 19...
Nf5 $6 (19... c6 $1 20. dxc6 Nxc6 {This position looks promising for white,
but concrete variations do not confirm it:} 21. Qd5 $6 (21. Ng5+ Kh8 22. Ne6 d5
23. Nxf8 dxc4 24. Nxd7 cxb3 25. axb3 Nxb4 $11) 21... Nd4 22. Rh3 (22. Ng5+ $2
hxg5 23. Rh3+ Bh6 24. Bxg5 Nf3+) 22... Qb5 $1 $15) 20. Bb2 {[%csl Yd4]} Rf7 21.
Ra3 {[%csl Ra6]} Rb8 22. Ra5 (22. Rxa6 $6 Qb5 $132 {[%csl Rb4,Rd5]}) 22... Rb6
23. Rc1 Qc8 24. a4 {White has got the control over the position, but it's hard
to break black's defense.} Qa8 25. Bc3 Qb7 {Black has no concrete plan and
just has to wait and see what white will come up with.} 26. Bd2 Nd4 27. h3 Qc8
28. Re1 Qb7 29. Rb1 Rf8 ({Better practical chance was} 29... c5 30. dxc6 Rxc6 (
30... Nxc6 31. Rd5 $16) 31. Qd5 $14 (31. Qd3 Rb6)) 30. Be3 Rb8 (30... c5 31.
dxc6 Rxc6 32. Qd3 $16) 31. Bxd4 Rxb4 $2 ({The position after} 31... exd4 32. b5
Re8 33. f3 {[%csl Ge4] is very unpleasant for black, but it was the least of
the evils.}) 32. Rxb4 Qxb4 33. Qxb4 Rxb4 {[%csl Rd4,Re4]} 34. Be3 Rxe4 35. Rxa6
$18 {[%csl Ga4] The Pa4 must decide the game in white's favour.} Rb4 36. Kf1
Kg8 (36... e4 37. Ra7) 37. Ra7 e4 38. a5 Bd4 $6 {This makes white's task
easier.} (38... Rb1+ 39. Ke2 Bc3 40. f3 $8 Rb2+ 41. Kf1 $18) (38... Bc3 39. g4
$18) 39. Bxd4 Rxd4 40. Rxc7 {The endgame is completely hopeless for black,
since his K is cut off.} Ra4 41. Ra7 Ra2 42. h4 {There is no need to hurry...}
Kf8 43. a6 h5 44. Ke1 {[%cal Ge1d1,Gd1c1,Gc1b1] White's plan is simple - his K
goes straight to the queenside. Black will not be able to capture white's Pf2,
because white will play Rb7, then a7 and Rb8 promoting the P.} Ke8 45. g3 Kd8
46. Ra8+ Kc7 47. a7 Kb7 48. Rd8 Kxa7 49. Rxd6 1-0

[Event "Sinquefield Cup 2nd"]
[Site "Saint Louis"]
[Date "2014.08.28"]
[Round "2"]
[White "Nakamura, Hikaru"]
[Black "Carlsen, Magnus"]
[Result "1/2-1/2"]
[WhiteElo "2787"]
[BlackElo "2877"]
[Annotator "Ramirez Alvarez,A"]
[PlyCount "64"]
[EventDate "2014.08.27"]
[EventType "tourn"]
[EventRounds "10"]
[EventCountry "USA"]
[EventCategory "23"]
[SourceTitle "CBM 162"]
[Source "ChessBase"]
[SourceDate "2014.09.17"]
[SourceVersion "1"]
[SourceVersionDate "2014.09.17"]
[SourceQuality "1"]

1. e4 e5 2. Nf3 Nc6 3. Bb5 g6 {Not the usual choice for Carlsen. The 3...g6
variations are much sharper than the normal Breyer or Berlin type of Spanish
positions. Interestingly, Nakamura used this recently against Anand with black.
} 4. O-O Bg7 5. c3 a6 6. Ba4 (6. Bxc6 dxc6 7. d4 exd4 8. cxd4 Ne7 9. h3 O-O 10.
Nc3 h6 $11 {Anand-Nakamura, 2013}) 6... d6 7. d4 Bd7 8. d5 {Closing the
position is one of two approaches the situation; by closing the position White
gains space, but Black will be able to push f5 quickly.} (8. Re1 {is a
completely different approach to the position.}) 8... Nce7 9. Bxd7+ (9. c4 {
is, in my humble opinion, a more accurate move order. It also scores better.})
9... Qxd7 10. c4 h6 (10... f5 $6 11. Ng5 {emphasizes the weakness of e6.}) 11.
Nc3 f5 12. Nd2 Nf6 13. f3 O-O 14. b4 c6 (14... g5 $5 {Was an old game between
Sax-Smyslov... such legends!}) 15. dxc6 {It's hard to understand the desire to
simplify the tension so quickly. Black obtains quick activity and access to
the d4 square. However maybe there was no satisfactory alternative.} (15. Bb2
b5 {starts becoming dangerous for White.}) 15... Nxc6 16. a3 Nd4 17. Bb2 Rac8 {
Black has good pressure, but White is banking on his superior pawn structure
to win in the long run.} 18. Ne2 Nh5 $5 {This involves a pawn sacrifice!} (
18... Ne6 {is more sedate, and about equal:} 19. exf5 gxf5 20. Qb3 $13) 19.
Nxd4 exd4 20. exf5 {Tha pawn cannot be taken, but that is still ok.} Nf4 $1 {
Diagram [#]} (20... gxf5 $6 21. Nb3 Rxc4 22. Qd2 $1 {White will regain the d4
pawn and his structure is much superior.}) (20... Qxf5 21. g4 Qg5 22. Ne4 Qe3+
23. Kh1 d3 24. Bxg7 Nxg7 25. Nxd6 $16) 21. f6 $1 {A good practical decision.} (
21. fxg6 Rf6 $1 {Gives black more than enough compensation. Practically it is
difficult to defend this position.}) 21... Bxf6 22. g3 Nh3+ 23. Kg2 $6 (23. Kh1
{was safer, there is no reason to tempt Qh3+.} Ng5 24. Nb3 Rxc4 25. Qd3 Qf7 26.
Bxd4 {was maybe a little better for White.}) 23... Ng5 24. Qb1 Kh7 25. Qd3 {
White retains the better pawn structure; Black has to act quickly before his
initiative evaporates.} Be5 $1 {Putting pressure on the kingside is mandatory.}
26. Rae1 {Accepting the draw.} (26. f4 Qh3+ 27. Kh1 Rxf4 28. Rxf4 Bxf4 29. Re1
{gives Black some problems.}) 26... Bxg3 27. hxg3 Qh3+ {There is nothing
better than perpetual for both sides.} 28. Kg1 Qxg3+ 29. Kh1 Qh4+ 30. Kg2 Qh3+
31. Kg1 Qg3+ 32. Kh1 Qh3+ (32... Rf4 $2 33. Re7+ Nf7 34. Rxf7+ Rxf7 35. Ne4 {
allows White to consolidate and have the better position.}) 1/2-1/2

[Event "New Delhi Parsvnath op-A 16th"]
[Site "New Delhi"]
[Date "2018.01.12"]
[Round "5"]
[White "Deepan Chakkravarthy, J."]
[Black "Naiditsch, Arkadij"]
[Result "0-1"]
[WhiteElo "2475"]
[BlackElo "2701"]
[Annotator "Sadorra,J"]
[PlyCount "82"]
[EventDate "2018.01.09"]
[EventType "swiss"]
[EventRounds "10"]
[EventCountry "IND"]
[SourceTitle "CBM 183"]
[Source "ChessBase"]
[SourceDate "2018.03.14"]
[SourceVersion "1"]
[SourceVersionDate "2018.03.14"]
[SourceQuality "1"]

{This game happened in round 5 of arguably the strongest international open
organized in India, 16th Delhi Open. Naiditsch was playing one of India's
active local players, GM Deepan, and needed to win as Black in order to keep
pace with the leader of the event (Bangladeshi GM Rahman).} 1. e4 e5 2. Nf3 Nc6
3. Bb5 a6 4. Ba4 d6 {Naiditsch chooses the Deferred Steinitz as his weapon,
one of the dynamic Ruy Lopez variations.} 5. c3 Bd7 6. O-O g6 7. d4 Bg7 8. d5
Nce7 {The game has now transformed into a sort of KID middlegame.} 9. c4 ({
Trading the light-squared bishops has also been tried} 9. Bxd7+ Qxd7 10. c4 h6
11. Nc3 f5 {but recent practice has shown that Black also gains good
counterplay in the ensuing middlegame.}) 9... b5 $1 {As a regular KID
practitioner, Naiditsch knows how important it is to keep the light-squared
bishop, if given the chance.} 10. Bc2 bxc4 ({Also possible is} 10... f5 $5 11.
Ng5 Nf6 12. a4 (12. exf5 gxf5 13. Nc3 O-O 14. cxb5 axb5 15. Ne6 Bxe6 16. dxe6
d5 $1 $36) 12... bxc4 $1 13. f3 c6 $17 {0-1 (43) Pavlidis,A (2539)-McShane,L 
(2640) Katowice POL 2017}) 11. Nbd2 f5 $146 {A logical novelty to accelerate
Black's counterplay on the kingside.} ({Considering Black already has some
weaknesses on the queenside, Black's counterplay is a little slow after the
normal} 11... Nf6 12. Nxc4 O-O 13. Bd2 $14 {1/2-1/2 (53) Zubov,A (2493)
-Malaniuk,V (2526) Warsaw 2005}) 12. Ng5 (12. Nxc4 $5 fxe4 13. Ng5 Nf6 14. Nxe4
O-O $11 {A complex position has arisen where both sides have targets and good
squares for their pieces.} (14... Nfxd5 15. Bg5 $1 $36)) 12... Nf6 13. Nxc4 h6
$5 {Naiditsch initiates a forcing sequence before White stabilises his centre.}
(13... O-O $142 14. f3 h6 15. Ne6 Bxe6 16. dxe6 Qc8 17. exf5 gxf5 18. Bb3 Kh8
$11 {with a typical complex KID middlegame.}) 14. Ne6 Bxe6 15. dxe6 Nxe4 16.
Bxe4 fxe4 17. Qa4+ c6 $6 ({A sounder try was} 17... Kf8 $1 18. Na5 (18. Ne3 d5
{[%cal Gf8g8,Gg8h7]}) 18... Kg8 $1 (18... d5 19. b3 Kg8 20. Ba3 $36) 19. Qxe4
d5 20. Qa4 (20. Qd3 Qd6 $15) (20. Qe3 Qd6 $15) (20. Qg4 c5 $15) 20... Qd6 21.
b3 Qxe6 22. Ba3 Kh7 23. Rac1 d4 $1 24. Rxc7 Nd5 25. Rb7 Rac8 {White has
counterplay, but it's easier to play Black due to his central pawns.}) 18. Qb4
(18. Qa3 $5 Nf5 19. g4 d5 20. gxf5 dxc4 {is similar to the game only Black's
queenside rook hasn't been activated yet which should favour White.} 21. fxg6
$14 (21. Be3 $14)) ({The best way to continue is to simply develop with} 18.
Bd2 $1 d5 (18... O-O $5 19. Ba5 Qb8 20. Nb6 Ra7 21. Nd7 Qb5 22. Qxb5 axb5 23.
Nxf8 Bxf8 $44 {I have the feeling that Naiditsch will do one of the two
exchange sac ideas, either this or the mainline.}) 19. Ba5 Qb8 20. Nb6 O-O $5 (
20... Ra7 $2 21. Nxd5 $1 {is one of the important ideas behind Bd2.}) 21. Nxa8
Qxa8 22. Bb4 Bf6 23. Rac1 Rc8 24. Rc5 {Black has some compensation for the
exchange but I don't think it's enough.}) 18... Nf5 19. g4 Rb8 20. Qa3 d5 21.
gxf5 dxc4 {A really complicated position has arisen where both kings are
exposed, just the kind of position that Naiditsch needed! Thus, it can be said
that his opening choice and play was a success. Let's see now how he created
chances and outplayed his less experienced opponent in the middlegame.} 22. Be3
$1 (22. fxg6 Qe7 23. Be3 Qxa3 24. bxa3 Rg8 $13) 22... Qe7 (22... gxf5 $2 23.
Rfd1 Qe7 24. Bc5 Qxe6 25. Rd6 $40 {White is the first one to build an attack
on the opposing king.}) 23. Qxa6 $1 {Deepan bravely and correctly takes the
pawn, not fearing any potential attack on his king.} ({The ending seems to be
easier to play for Black due to his already active rook on the b-file:} 23.
Qxe7+ Kxe7 24. Rad1 gxf5 (24... Kf6 $5) 25. Rd7+ Kf6 26. Rf7+ Kxe6 $1 (26...
Kg6 27. Kh1 {[%cal Gf1g1]}) 27. Rxg7 f4 28. Bc1 (28. Bc5 $2 Rxb2 29. Rd1 c3 $19
) 28... Rhg8 29. Rxg8 Rxg8+ 30. Kh1 Rd8 31. Kg2 Rd3 $15) 23... O-O 24. Qxc4
gxf5 25. Bc5 Qh4 (25... Qg5+ 26. Kh1 {[%cal Gf1g1] The check only helps White
activate his rooks.}) 26. e7+ Rf7 27. Kh1 Qh5 {The only way to untangle from
the pin. The position is objectively better or even winning for White (for
those who love following the numbers engines give), however accuracy in
calculation is always required for both sides in these types of positions and
the last player to make a huge mistake is always the one who loses.} 28. Rg1
Kh7 29. Rg3 e3 $5 {A very practical move. Naiditsch gives Deepan a choice and
tries to confuse him. Fortunately, Deepan still has time to think with around
18 minutes left on the clock.} (29... Bf6 30. Qe6 $1 Re8 31. Qxc6 {The
position will be simplified with huge material gain for White in the end.
Forcing lines like these have to be avoided if Black wants to keep creating
chances for White to go wrong.}) 30. Qe6 $5 {This must have been a surprise to
Naiditsch as most captures should lead to an almost winning position for White.
} (30. fxe3 Bf6 31. Qe6 Bh4 {One of the ideas behind the e3-pawn sac.} 32. Rg2
(32. e8=Q Rxe8 33. Qxe8 Bxg3 $19) 32... Bxe7 33. Bxe7 Re8 34. Qxc6 Rexe7 $16) (
30. Rxe3 e4 31. Rg1 $18) (30. Bxe3 $2 {Of course White should not let go of
his strong passed pawn:} Rxe7) 30... f4 {Naiditsch spent most of his time on
this move and is now left with 2 minutes.} 31. Rh3 ({Best is the cool and calm
} 31. Rg2 $1 f3 (31... Rf6 32. Qd7 $1 $18 {Creating winning tactical threats:}
e4 (32... Rg8 33. e8=Q $1 Qxe8 34. Rxg7+ $18) 33. Rxg7+ Kxg7 34. e8=Q+ $18) 32.
Rg3 {and Black has no follow-up.} Re8 33. Qxc6 $18) {The following moves were
played in mutual time pressure so mistakes and inaccuracies were inevitable.}
31... Rf6 $6 32. Qd7 $6 {Playing it safe and simple, but the problem with this
is that it allows the other side to slowly improve his defensive chances.} ({
The way to keep most of the advantage is the forcing} 32. Qxf6 $1 Qxh3 33. Qxc6
e2 (33... f3 34. Rg1) 34. Rg1 $1 Qd3 $1 35. Bd6 {but somehow, somewhere,
things were not clear to Deepan.}) 32... Qf7 33. fxe3 $2 {Deepan continues to
play simple moves and doesn't even sense the danger.} (33. Qd3+ $1 {This keeps
control of the important light squares in White's position.} Kh8 34. fxe3 $16)
33... Qc4 $1 {[%csl Rh1][%cal Rc4e4,Rf6g6,Re4h1,Rg6g1,Rb8b2,Rb2g2] Now
Naiditsch's takes over the intiative.} 34. exf4 $2 {Deepan must have been
shocked by the turn of events and makes another error.} ({The only defence was
} 34. Rf3 Qe4 35. Qg4 $1 {, but such moves are difficult to find.} (35. Raf1
fxe3 $19) 35... Rg6 36. Qh3 Bf6 $15 {Overall, White's position is already
difficult to play especially under time trouble!}) 34... Qe4+ 35. Kg1 exf4 {
Black is winning as White cannot defend against the attacking threats.} (35...
Rg6+ {also wins} 36. Rg3 exf4 37. Rg4 Rxg4+ 38. Qxg4 Rg8 $19) 36. Rb3 Rg6+ 37.
Kf1 {There are many ways to win from here.} Qh1+ 38. Ke2 Qe4+ (38... Qxh2+ 39.
Bf2 f3+ 40. Kd1 Rxb3 41. axb3 (41. e8=Q Rd6+) 41... Rd6+ $19) 39. Kd1 Rxb3 40.
e8=Q Rd3+ 41. Kc1 Qc4+ {Black finally resigns. I believe this is one of
Naiditsch's key games, if not the most important, before eventually winning
the event as he took some risks which got him in serious danger at some point.
But in the end, it paid off with the help of his experience, better nerves,
and resilient counter-attacking play!} 0-1

[Event "Buenos Aires Najdorf"]
[Site "Buenos Aires"]
[Date "1991.??.??"]
[Round "5"]
[White "Adams, Michael"]
[Black "Barbero, Gerardo F"]
[Result "1-0"]
[WhiteElo "2600"]
[BlackElo "2495"]
[Annotator "Schussler,H"]
[PlyCount "79"]
[EventDate "1991.04.??"]
[EventType "tourn"]
[EventRounds "13"]
[EventCountry "ARG"]
[EventCategory "11"]
[SourceTitle "CBM 024"]
[Source "ChessBase"]
[SourceDate "1991.10.01"]
[SourceVersion "1"]
[SourceVersionDate "1991.10.01"]
[SourceQuality "1"]

1. e4 e5 2. Nf3 Nc6 3. Bb5 a6 4. Ba4 d6 5. c3 Bd7 6. O-O g6 7. d4 Bg7 8. Be3 {
For 8.dxe5 see CBM 24/game 599 (with Nge7 for Black) and CBM24/game 769 (with
Nf6 for Black). 8.Re1 Nge7 9.d5 Nb8 10.c4 was tried in CBM 24/game 888.} Nf6 9.
Nbd2 O-O 10. Re1 Qe8 $2 11. Bxc6 $1 Bxc6 12. dxe5 Nxe4 {12. - dxe5 13.Bc5 + -}
13. Nxe4 Bxe4 14. exd6 cxd6 15. Ng5 Bc6 16. Qxd6 Rd8 17. Qf4 Qd7 18. Nf3 Bxf3
19. Qxf3 Qb5 20. Qe2 Rd3 21. a4 Qc4 22. Rad1 Rxd1 23. Qxd1 h5 24. h3 Re8 25.
Qd7 Re6 26. Qxb7 Qxa4 27. b3 Qe8 28. Qb4 Bh6 29. Qd4 Qb5 30. c4 Qe8 (30... Qxb3
31. Bxh6 $1 Rxe1+ 32. Kh2 f6 33. Qxf6 Qb7 34. Qxg6+ Kh8 35. Bg5 $18) 31. Kf1
Bg7 32. Qd3 Qb8 33. Kg1 Kh7 34. Rd1 Bf6 35. c5 $18 h4 36. Qd7 Re7 37. Qd5 Be5
38. c6 f6 39. Qc4 Kg7 $6 {39. - g5 40.Rd7 + -} 40. Qxh4 1-0

[Event "USA-ch m"]
[Site "Jacksonville"]
[Date "1990.??.??"]
[Round "1"]
[White "Benjamin, Joel"]
[Black "Ivanov, Igor Vasilievich"]
[Result "1/2-1/2"]
[WhiteElo "2560"]
[BlackElo "2485"]
[Annotator "Schussler,H"]
[PlyCount "44"]
[EventDate "1990.08.??"]
[EventType "k.o."]
[EventRounds "4"]
[EventCountry "USA"]
[SourceTitle "CBM 021"]
[Source "ChessBase"]
[SourceDate "1991.04.01"]
[SourceVersion "1"]
[SourceVersionDate "1991.04.01"]
[SourceQuality "1"]

1. e4 e5 2. Nf3 Nc6 3. Bb5 a6 4. Ba4 d6 5. O-O Bd7 6. c3 g6 7. d4 Bg7 8. dxe5 (
8. d5 Nce7 9. Bxd7+ Qxd7 10. c4) 8... Nxe5 9. Nxe5 dxe5 10. f4 $5 Nf6 $1 $10
11. fxe5 Bxa4 12. Qxd8+ $5 Rxd8 13. exf6 Bf8 14. Be3 Rd3 15. Bd4 Kd7 16. Rf3
Rd1+ 17. Rf1 Rxf1+ 18. Kxf1 c5 19. Bf2 Bd6 20. Nd2 Bc2 21. Re1 Re8 22. Kg1 Bf4
1/2-1/2

[Event "FIDE-Wch k.o."]
[Site "Groningen"]
[Date "1997.12.10"]
[Round "1.2"]
[White "Hamdouchi, Hicham"]
[Black "Malaniuk, Vladimir P"]
[Result "0-1"]
[WhiteElo "2535"]
[BlackElo "2615"]
[Annotator "Wedberg,T"]
[PlyCount "82"]
[EventDate "1997.12.09"]
[EventType "k.o."]
[EventRounds "7"]
[EventCountry "NED"]
[SourceTitle "CBM 063"]
[Source "ChessBase"]
[SourceDate "1998.03.26"]
[SourceVersion "1"]
[SourceVersionDate "1998.03.26"]
[SourceQuality "1"]

1. e4 e5 2. Nf3 Nc6 3. Bb5 a6 4. Ba4 d6 5. c3 Bd7 6. d4 g6 7. O-O Bg7 8. d5
Nce7 9. Bxd7+ Qxd7 10. c4 h6 11. Nc3 f5 12. exf5 (12. Ne1 Nf6 13. f3 {is the
alternative.}) 12... gxf5 13. Nh4 (13. Ne1 Nf6 14. f4 e4 15. Nc2 c5 16. dxc6
Qxc6 17. Be3 O-O 18. b3 b5 $132 {1/2-1/2 Huebner,R-Sosonko,G/BL8283 1983/BL 80
(27)}) 13... Bf6 $5 {This provocative move immediately hits the stray N on h4.
It might be the refutation of Whites plan of exf5 and Nh4, since the check on
h5 produces nothing.} (13... Nf6 14. f4 e4 15. Be3 c5 (15... O-O 16. h3 (16.
Ne2 c5 17. dxc6 bxc6 18. Qd2 Kh7 19. Rad1 d5 20. g3 Qd6 21. b4 Nd7 22. c5 Qe6
23. Bd4 $14 {Leventic,I-Vukoje,V/Pula tt2 1990/EXT 97/1-0 (61)}) 16... c5 17.
dxc6 bxc6 (17... Qxc6) 18. Qe2 Qe6 19. Rad1 Kh7 20. Kh2 Rg8 21. Rd2 Ne8 22. g3
a5 23. Rfd1 Ng6 24. Ng2 Rb8 25. Bd4 Rb7 26. g4 $36 {1-0 Fischer,R-Filip,M/
Curacao ct 1962/CAND (42)}) 16. dxc6 Qxc6 17. Rc1 O-O 18. b3 Rad8 19. h3 Kh7
20. Rf2 d5 $15 {Kholmov,R-Kornasiewicz,S/Warsaw op 1989/EXT 89op2/1/2-1/2 (51)}
) 14. f4 e4 15. Qe1 $146 (15. Be3 Bxh4 16. Qh5+ Ng6 17. Qxg6+ Qf7 18. Qxf7+
Kxf7 19. Rac1 Bf6 20. Ne2 Ne7 21. Rfd1 Rhd8 22. Rd2 Rac8 23. b3 {1/2-1/2 Ye
Jiangchuan-Azmaiparashvili,Z/Erevan olm 1996/EXT 96ch2}) (15. Qh5+ Kf8 {/\Qe8}
16. Ng6+ Nxg6 17. Qxg6 Qf7 18. Qxf7+ Kxf7 $11) 15... b5 $5 16. g4 {The logical
follow up to Qe1.} (16. cxb5 axb5 17. g4 b4 18. Nd1 fxg4 $15) 16... bxc4 17.
Nxf5 Nxf5 18. gxf5 Qxf5 19. Nxe4 $2 (19. Qxe4+ $142 Ne7 (19... Qxe4 20. Nxe4
$13) 20. Qxf5 (20. Qxc4 Rg8+ 21. Kh1 Bxc3 22. bxc3 Qc2 23. Rg1 Rxg1+ 24. Kxg1
Kd7 $19) 20... Nxf5 $15) 19... Kf7 20. Ng3 (20. Nxf6 Nxf6 $17) 20... Qxd5 $17
21. Be3 Re8 22. Rd1 Qc6 23. Kf2 h5 $40 24. Qe2 h4 25. Nf5 Qe4 26. Nd4 d5 27.
Nf3 Nh6 28. Ne5+ Bxe5 29. fxe5 Ng4+ 30. Ke1+ Ke6 31. Bf4 Qxe2+ 32. Kxe2 Nxe5
$19 33. Kd2 Kd7 34. Kc3 c6 35. Bg5 Rh5 36. Bf6 h3 37. Rf4 Re6 38. Rg1 c5 39.
Rg7+ Kc6 40. Ra7 d4+ 41. Kd2 Kd5 0-1